00466 2200193 4500001002100000005001500021008004100036020002200077035001900099041000700118082000800125090001400133100001600147245002500163260001700188300002800205500001100233650002800244INLIS00000000000321520241224112700241224||||||||| | ||| |||| || |  a978-979-1362-56-6 0010-1224003215 aid0 a927 a927 AJI p0 aAjip Rosidi00aPelukis S. Sudjojono bNuansac2008 a64 hlm. : ilus. ; 21 cm aCet. 1 0aIlmu Sejarah & Biografi